Kursus sebelum & sesudah berumahtangga

Bibliographic Details
Main Author: Tarmizi Kamis
Format: Book
Published: Ampang : Citakhidmat Sdn Bhd , 1993
Subjects:

MARC

LEADER 00000cam a2200000 7i4500
001 0000003681
002 000003964
005 20000330.0
020 |a 98396955142 
090 0 0 |a 297.5   |b TAR 
100 0 |a Tarmizi Kamis   |f Haji 
245 1 0 |a Kursus sebelum & sesudah berumahtangga   |c Haji Tarmizi Kamis 
260 |a Ampang :   |b Citakhidmat Sdn Bhd ,   |c 1993 
300 |a 107p. ;   |c 21cm. 
650 0 0 |a Family   |x Islam 
999 |a 037132   |b BUKU   |c PINJAMAN   |e PERPUSTAKAAN KOMUNITI PETALING JAYA